Estatísticas para Aeroportos mais movimentados do mundo

Clique aqui para jogar o quiz

Estatísticas Gerais

  • Esse quiz foi jogado 1 987 vezes
  • A pontuação média é 25 de 50

Estatísticas das Respostas

#cidade% Correto
61,6 mNova Iorque (JFK)
94%
46,0 mNova Iorque (Newark)
94%
72,2 mParis
91%
46,4 mLondres (Gatwick)
89%
80,1 mLondres (Heathrow)
89%
57,9 mMadrid
86%
87,5 mTóquio (Haneda)
85%
42,6 mTóquio (Narita)
85%
101 mPequim
84%
43,0 mRoma
81%
87,5 mLos Angeles
80%
45,8 mMoscovo
(Sheremetyevo)
78%
47,7 mCidade do México
73%
45,0 mMiami
65%
68,4 mSeul
59%
89,1 mDubai
58%
50,1 mBarcelona
57%
83,3 mChicago
57%
71,0 mAmesterdão
56%
49,5 mToronto
56%
43,6 mXangai (Hongqiao)
51%
74,0 mXangai (Pudong)
51%
69,5 mFrankfurt
50%
74,5 mHong Kong
50%
68,2 mIstambul
48%
57,7 mSão Francisco
48%
69,1 mDallas
47%
44,5 mSydney
47%
107 mAtlanta
46%
47,7 mOrlando
46%
46,3 mMunique
43%
43,8 mHouston
42%
66,9 mJakarta
42%
65,6 mSingapura
41%
49,9 mBombaim
39%
49,9 mLas Vegas
38%
63,4 mBanguecoque
35%
49,8 mSeattle
33%
60,0 mKuala Lumpur
29%
69,9 mDélhi
28%
64,5 mDenver
27%
44,5 mManila
27%
69,8 mCantão
26%
46,6 mTaipé
22%
44,9 mPhoenix
16%
46,4 mCharlotte
10%
53,0 mChengdu
7%
49,3 mShenzhen
7%
44,7 mXi'an
7%
47,2 mKunming
5%

Distribuição das Pontuações

Percentil de Números Respondidos

Porcentagem de Pessoas com Cada Pontuação

Sua Pontuação Histórica

Você não jogou esse quiz